00474nam a2200085Ia 4500008004100000245003100041300025000072650000900322856005700331170517s9999 xx 000 0 und d aDedini: A Life of Cartoons aThis documentary film explores the life and art of one of America's greatest cartoonists, Eldon Dedini. Dedini's work has appeared in the New Yorker, Esquire, and Colliers, but he is best known for his full-page color Playboy cartoons. Eldon,... xArt. uhttp://topdocumentaryfilms.com/dedini-life-cartoons/